Greek Speaking Countries - Statistics

General Stats
  • This quiz has been taken 602 times
  • The average score is 5 of 9
Answer Stats
Answer % Correct
Greece
100%
Cyprus
96%
Albania
83%
Italy
68%
Romania
38%
Lebanon
30%
Armenia
29%
Syria
28%
Ukraine
26%
No matching quizzes found
Score Distribution
Percent of People with Each Score
Percentile by Number Answered
Your Score History
You have not taken this quiz